| 000 | 00982nam a2200385Ia 4500 | ||
|---|---|---|---|
| 005 | 20250425162720.0 | ||
| 008 | 250425s9999 xx 000 0 und d | ||
| 020 | _a9780133411898 | ||
| 041 | _aeng | ||
| 043 | _axxu | ||
| 082 | _a624.15 | ||
| 100 | _aCODUTO, DONALD P. | ||
| 245 | 0 | _aFOUNDATION DESIGN: PRINCIPLES AND PRACTICES | |
| 250 | _aTHIRD EDITION | ||
| 260 |
_aEstados Unidos _bPEARSON _c2016 |
||
| 260 | _aNEW YORK | ||
| 300 | _a960 | ||
| 650 | _aANALISIS Y DISEÑO | ||
| 650 | _aANALISIS Y DISEÑO | ||
| 650 | _aANALISIS Y DISEÑO | ||
| 650 | _aANALISIS Y DISEÑO | ||
| 650 | _aCIMENTACIONES | ||
| 650 | _aCIMENTACIONES | ||
| 650 | _aCIMENTACIONES | ||
| 650 | _aCIMENTACIONES | ||
| 650 | _aMECANICA DE SUELOS | ||
| 650 | _aMECANICA DE SUELOS | ||
| 650 | _aMECANICA DE SUELOS | ||
| 650 | _aMECANICA DE SUELOS | ||
| 700 | _aKITCH, WILLIAM A. | ||
| 700 | _aYEUNG, MAN-CHU RONALD | ||
| 710 | _aS.A. | ||
| 942 | _c01 | ||
| 010 | _a102394 | ||
| 999 |
_c234967 _d234967 |
||